Úlohy ratingu komerčných poisťovní na jednotnom európskom trhu

Salvato in:
Dettagli Bibliografici
Autore principale: Pastoráková, Erika, 1972-
Natura: Capitolo di libro
Lingua:slovacco
inglese
Tags: Aggiungi Tag
Nessun Tag, puoi essere il primo ad aggiungerne!!

MARC

LEADER 00000naa$a2200000$$$4500
001 0061180
005 20240502083146.7
041 0 |a slo 
041 0 |a eng 
041 0 |a slo 
044 |a CZ 
245 1 0 |a Úlohy ratingu komerčných poisťovní na jednotnom európskom trhu  |c Erika Pastoráková 
100 1 |a Pastoráková, Erika, 1972-